000 00302nam a2200145Ia 4500
100 _aPunmia/ B.C.
490 _v1
942 _cBK
654 _aMaterials
245 _aStrength of materials
260 _bStandard Publication
_aDelhi
_c81
082 _a621.11
300 _a720
546 _aENGLISH
999 _c21153
_d21153